2046 de Wong Kar-wai (notice n° 1960215)
[ vue normale ]
| 000 -LEADER | |
|---|---|
| fixed length control field | 01382cam a2200133 4500500 |
| 005 - DATE AND TIME OF LATEST TRANSACTION | |
| control field | 20260329034014.0 |
| 041 ## - LANGUAGE CODE | |
| Language code of text/sound track or separate title | fre |
| 042 ## - AUTHENTICATION CODE | |
| Authentication code | dc |
| 100 10 - MAIN ENTRY--PERSONAL NAME | |
| Personal name | Bittinger, Nathalie |
| Relator term | author |
| 245 00 - TITLE STATEMENT | |
| Title | 2046 de Wong Kar-wai |
| 260 ## - PUBLICATION, DISTRIBUTION, ETC. | |
| Name of publisher, distributor, etc. | Armand Colin,<br/> |
| Date of publication, distribution, etc. | 2007.<br/> |
| 520 ## - SUMMARY, ETC. | |
| Summary, etc. | L’immense succès rencontré par In the Mood for Love (2000) a assuré la renommée mondiale de Wong Kar-wai. Ce cinéaste de Hong Kong, à la fois si chinois et si universel, ne saurait être réduit à cette seule œuvre «culte».Le spectateur attiré par la belle et triste histoire d’amour de M. Chow et Mme Chan en appréciera davantage la richesse avec 2046, film qui inscrit les errances sentimentales de M. Chow dans un rapport problématique à la temporalité, celle-là même de l’histoire de Hong Kong passée et à venir.Ce petit livre donne les clés de compréhension du film et en fait ressortir tant l’importance thématique que la force narrative. Lisible par tous, lycéens, étudiants, il retiendra l’attention des admirateurs de Wong Kar-wai et de tous ceux qui suivent la montée en puissance des cinémas d’Asie.Nathalie BITTINGER, agrégée de Lettres modernes, effectue des recherches en littérature et cinéma à l’Université de Paris VIII-Saint-Denis. |
| 856 41 - ELECTRONIC LOCATION AND ACCESS | |
| Uniform Resource Identifier | <a href="https://shs.cairn.info/2046-de-wong-kar-wai--9782200351359?lang=fr&redirect-ssocas=7080">https://shs.cairn.info/2046-de-wong-kar-wai--9782200351359?lang=fr&redirect-ssocas=7080</a> |
Pas d'exemplaire disponible.




Réseaux sociaux